[Event "2024 Jeremy Silman Memorial TNM"]
[Site "San Francisco"]
[Date "2024.07.09"]
[Round "1.1"]
[White "Morello, Nicholas"]
[Black "Cremisi, Daniel"]
[Result "0-1"]
[WhiteElo "1617"]
[BlackElo "2401"]
[Annotator "Winslow,Elliott"]
[PlyCount "76"]
[GameId "2065809549300031"]
[EventDate "2024.??.??"]

{[%evp 0,76,19,31,19,14,26,27,48,40,40,13,-16,-55,3,-4,4,-17,-7,-13,2,-24,7,-21,75,-28,51,50,41,-20,87,77,93,88,73,95,79,42,48,32,44,58,40,32,22,18,30,51,39,-9,-10,-21,77,-21,59,-141,-126,-175,-165,-156,-161,-131,-169,-173,-153,-182,-182,-237,-235,-237,-249,-318,-340,-347,-298,-942,-1008,-1604,-1807]} 1. d4 {[%emt 0:00:03]} d5 {[%emt 0:00:04]} 2. Bf4 {[%emt 0:00:06]} Nf6 {[%emt 0:00:04]} 3. Nf3 {[%emt 0:00:19]} g6 {[%emt 0:00:05]} 4. Nc3 {[%emt 0:00:43]} Bg7 {[%emt 0:00:06]} 5. Qd2 {[%emt 0:00:47]} O-O {[%emt 0:01:40]} 6. Bh6 {[%emt 0:03:26]} Re8 {[%emt 0:00:25]} ({Relevant:} 6... c5 7. Bxg7 Kxg7 8. dxc5 Nc6 9. Rd1 Qa5 10. Nxd5 Qxa2 11. Nxf6 exf6 12. Qc3 b5 13. cxb6 Bb7 14. e3 Rfc8 15. Bc4 Qa4 16. Rd7 Nd8 17. Rd4 axb6 18. O-O Bxf3 19. gxf3 Qc6 20. Qd2 Ra5 21. f4 Ne6 22. Bxe6 Qxe6 23. f3 Ra2 24. c3 Rc5 25. Kh1 Qh3 26. Kg1 Rb5 27. Rb4 Rxb4 28. cxb4 b5 29. Qc3 Ra8 30. e4 Rd8 31. Qe3 Qd7 32. Kg2 Qd2+ 33. Qxd2 Rxd2+ 34. Rf2 Rd4 35. Kg3 Rxb4 36. h4 {1-0 Sevian,S (2687)-Ivic,V (2560) Speed Chess Q2 Chess.com INT blitz 2022 (10)}) 7. Bxg7 {[%emt 0:00:30]} Kxg7 {[%emt 0:00:01]} 8. O-O-O {[%emt 0:01:26]} c6 {[%emt 0:01:06] [#]} 9. e3 $146 {[%emt 0:01:04]} ({Predecessor:} 9. h4 h5 10. Ng5 b5 11. e3 a5 12. f3 a4 13. Bd3 Qb6 14. Ne2 Nbd7 15. Rdg1 e5 16. c3 c5 17. g4 c4 18. Bb1 a3 19. gxh5 axb2+ 20. Qxb2 Nxh5 21. Nxf7 Kxf7 22. Bxg6+ Qxg6 23. Rxg6 Kxg6 24. Rg1+ Kh6 25. Qc2 Nf8 26. e4 Re6 27. Qd2+ Kh7 28. Qg5 {1-0 Reitz,H (1877)-Becker,T (1803) Regionalliga NW 0910 Bayern 2009 (4.8)}) 9... b5 {[%emt 0:00:14]} 10. Bd3 {[%emt 0:06:43]} a5 {[%emt 0:01:45]} 11. a4 {[%emt 0:05:34]} Qb6 {[%emt 0:01:30]} 12. b3 {[%emt 0:05:41]} Na6 {[%emt 0:01:50]} 13. axb5 {[%emt 0:04:04]} Nb4 {[%emt 0:00:36]} 14. Na4 {[%emt 0:03:02]} Qb8 {[%emt 0:04:06]} 15. bxc6 {[%emt 0:09:54]} Bg4 {[%emt 0:01:59]} 16. h3 {[%emt 0:00:50]} Bxf3 {[%emt 0:00:15]} 17. gxf3 {[%emt 0:00:10]} Rc8 {[%emt 0:00:26]} 18. Kb2 {[%emt 0:03:29]} Rxc6 {[%emt 0:00:46]} 19. c3 {[%emt 0:03:50]} Nxd3+ {[%emt 0:00:31]} 20. Qxd3 {[%emt 0:01:04]} Nd7 {[%emt 0:00:54]} 21. Kc2 {[%emt 0:03:12]} Qd6 {[%emt 0:05:00]} 22. Rb1 {[%emt 0:10:25]} Rac8 23. Kd2 {[%emt 0:02:51]} e5 {[%emt 0:00:52]} 24. Rhc1 {[%emt 0:03:53]} Qf6 {[%emt 0:02:25]} 25. Ke2 {[%emt 0:02:35]} Re8 {[%emt 0:01:41]} 26. c4 {[%emt 0:07:08]} dxc4 {[%emt 0:01:54]} 27. Rxc4 {[%emt 0:01:23]} Rxc4 {[%emt 0:00:14]} 28. Qxc4 {[%emt 0:06:35]} exd4 {[%emt 0:00:15]} 29. Rd1 {[%emt 0:01:57]} Ne5 {[%emt 0:01:44]} 30. Qxd4 {[%emt 0:03:33]} Qxf3+ {[%emt 0:01:42]} 31. Ke1 {[%emt 0:01:17]} Kg8 {[%emt 0:00:34]} 32. Qd5 {[%emt 0:03:59]} Qxh3 {[%emt 0:00:53]} 33. Qxa5 {[%emt 0:01:51]} Qh1+ {[%emt 0:01:41]} 34. Kd2 {[%emt 0:02:04]} Qf3 {[%emt 0:01:25]} 35. Kc2 {[%emt 0:02:13]} Rc8+ {[%emt 0:01:43]} 36. Nc3 {[%emt 0:00:10] [#]} Qf5+ {[%emt 0:00:43]} 37. Kc1 {[%emt 0:02:02]} Nd3+ {[%emt 0:00:12]} 38. Kd2 {[%emt 0:00:27]} Qxa5 {[%emt 0:00:10]} 0-1

[Event "2024 Jeremy Silman Memorial TNM"]
[Site "San Francisco"]
[Date "2024.07.09"]
[Round "1.2"]
[White "Lee, Andy C"]
[Black "Casares, Nick"]
[Result "1-0"]
[WhiteElo "2328"]
[BlackElo "1600"]
[PlyCount "57"]
[GameId "2066087780327662"]
[EventDate "2024.??.??"]

1. b3 {[%emt 0:00:03]} e5 {[%emt 0:00:17]} 2. Bb2 {[%emt 0:00:06]} Nc6 {[%emt 0:00:25]} 3. e3 {[%emt 0:00:07]} d6 {[%emt 0:00:52]} 4. Nf3 {[%emt 0:03:45]} g6 {[%emt 0:02:46]} 5. d4 {[%emt 0:05:27]} Bg7 {[%emt 0:01:50]} 6. Bb5 {[%emt 0:05:02] [#]} ({Relevant:} 6. dxe5 Nge7 7. Nc3 Nxe5 8. Nxe5 Bxe5 9. Qd2 Be6 10. O-O-O Qd7 11. f4 Bg7 12. e4 O-O-O 13. Qf2 Kb8 14. Nb5 Bxb2+ 15. Kxb2 Nc6 16. Nd4 Nxd4 17. Qxd4 Qe7 18. Bd3 h5 19. Rde1 Bd7 20. h4 Rhe8 21. g3 Bg4 22. Qc3 Bd7 23. a4 Qf8 24. Rhf1 f5 25. Re2 fxe4 26. Rxe4 {½-½ Livaic,L (2549)-Yuffa,D (2606) Bundesliga 2324 Germany 2023 (12.1)}) 6... Bg4 $146 {[%emt 0:04:58]} ({Predecessor:} 6... Nge7 7. d5 a6 8. Be2 Nb8 9. O-O O-O 10. c4 a5 11. Nc3 Na6 12. a3 Bd7 13. Nd2 f5 14. f4 exf4 15. exf4 c6 16. Kh1 cxd5 17. cxd5 b5 18. Nf3 Qb6 19. Ng5 Nc7 20. Qd2 h6 21. Ne6 Bxe6 22. dxe6 d5 23. a4 b4 24. Nb5 Bxb2 25. Qxb2 Nxe6 26. Rae1 Nc5 27. Qd4 Rab8 28. Bc4 Ne4 29. Bxd5+ Nxd5 30. Qxd5+ Kg7 31. g4 Rbd8 32. Qe5+ Kg8 33. gxf5 Rfe8 {0-1 Mamedyarov,S (2752)-Kramnik,V (2785) Wch Blitz 2nd Moscow 2007 (20)}) 7. Bxc6+ {[%emt 0:05:38]} bxc6 {[%emt 0:00:42]} 8. h3 {[%emt 0:00:33]} Bxf3 {[%emt 0:00:18]} 9. Qxf3 {[%emt 0:00:06]} Ne7 {[%emt 0:02:07]} 10. dxe5 {[%emt 0:02:33]} dxe5 {[%emt 0:03:43]} 11. e4 {[%emt 0:02:40]} O-O {[%emt 0:04:12]} 12. O-O {[%emt 0:02:29]} f5 {[%emt 0:01:43]} 13. Nc3 {[%emt 0:05:57]} fxe4 {[%emt 0:01:07]} 14. Qxe4 {[%emt 0:03:09]} Rf4 {[%emt 0:01:55]} 15. Rad1 {[%emt 0:03:24]} Qe8 {[%emt 0:01:52]} 16. Qe2 {[%emt 0:02:52]} Nf5 {[%emt 0:08:26]} 17. Ne4 {[%emt 0:01:52]} Nh4 {[%emt 0:11:17]} 18. Bc1 {[%emt 0:04:05]} Rf8 {[%emt 0:01:35]} 19. Ng5 {[%emt 0:04:27]} Nf5 {[%emt 0:07:19]} 20. Qc4+ {[%emt 0:01:44]} Kh8 {[%emt 0:01:43]} 21. Ne6 {[%emt 0:01:03]} Rf7 {[%emt 0:02:02]} 22. Nxg7 {[%emt 0:07:52]} Kxg7 {[%emt 0:00:26]} 23. Bb2 {[%emt 0:00:33]} Nd6 {[%emt 0:02:52]} 24. Qc5 {[%emt 0:01:43]} Rf5 {[%emt 0:04:06]} 25. f4 {[%emt 0:01:11]} Kg8 {[%emt 0:03:07]} 26. fxe5 {[%emt 0:00:58]} Rxf1+ {[%emt 0:01:32]} 27. Rxf1 {[%emt 0:00:15]} Nf5 {[%emt 0:00:14]} 28. Qc4+ {[%emt 0:01:13]} Kf8 {[%emt 0:01:23]} 29. g4 {[%emt 0:00:50]} 1-0

[Event "2024 Jeremy Silman Memorial TNM"]
[Site "San Francisco"]
[Date "2024.07.09"]
[Round "1.3"]
[White "Tam, Hoa Long"]
[Black "Dasika, Archit"]
[Result "0-1"]
[WhiteElo "1584"]
[BlackElo "2227"]
[Annotator "Winslow,Elliott"]
[PlyCount "56"]
[GameId "2066087780327663"]
[EventDate "2024.??.??"]

1. e4 c6 {[%emt 0:00:31]} 2. d4 {[%emt 0:00:07]} d5 {[%emt 0:00:07]} 3. exd5 {[%emt 0:00:07]} cxd5 {[%emt 0:00:07]} 4. c4 {[%emt 0:00:03]} Nf6 {[%emt 0:00:44]} 5. Nc3 {[%emt 0:00:07]} g6 {[%emt 0:00:36]} (5... e6) (5... Nc6) 6. cxd5 {[%emt 0:02:33]} ({Theoretical continuation:} 6. Qb3 Bg7 7. cxd5 O-O) 6... Nxd5 {[%emt 0:01:01]} 7. Qb3 {[%emt 0:00:09]} Nb6 {[%emt 0:00:49]} 8. Bb5+ {[%emt 0:08:15]} Bd7 {[%emt 0:01:35]} 9. d5 {[%emt 0:06:35]} ({Relevant:} 9. Nf3 Bg7 10. O-O O-O 11. Re1 Bxb5 12. Nxb5 Nc6 13. Bg5 h6 14. Bh4 g5 15. Bg3 Qd5 16. h4 Qxb3 17. axb3 a6 18. Nc7 Rad8 19. hxg5 hxg5 20. Nxa6 g4 21. Nh4 bxa6 22. Rxa6 Bxd4 23. Nf5 Nb4 24. Nxe7+ Kh7 25. Ra5 N6d5 26. Nf5 Nc6 27. Ra4 Nb6 28. Ra6 Nb4 29. Ra7 Rd5 30. Re4 Rxf5 31. Rxg4 Bc5 32. Rb7 N6d5 33. Rc4 Nd3 34. Rb5 Nf6 35. Kf1 Re8 36. f3 Bf2 {0-1 Pruijssers,R (2543)-Postny,E (2581) Groningen op-A 55th 2017 (6)}) 9... Bg7 {[%emt 0:01:56]} 10. Nge2 {[%emt 0:08:45]} O-O {[%emt 0:02:31]} 11. O-O {[%emt 0:03:23]} Bxb5 {[%emt 0:04:05]} 12. Qxb5 {[%emt 0:00:41]} Na6 {[%emt 0:01:32] [#]} 13. Bf4 $146 {[%emt 0:03:12]} ({Predecessor:} 13. Rd1 Qd7 14. Qb3 Rac8 15. Be3 Nc5 16. Qb4 Na6 17. Qe4 Nc4 18. Rab1 Nxe3 19. Qxe3 Nc5 20. Ng3 Rfe8 21. Nce4 Nxe4 22. Nxe4 b6 23. Qf3 h6 24. d6 e6 25. Rd2 Rc6 26. Rbd1 f5 27. Nc3 Bxc3 28. bxc3 e5 29. Qd5+ Kg7 30. c4 Rc5 31. Qd3 Rec8 32. Qe3 e4 33. Qd4+ Kf7 34. Qe3 Kg7 35. Qd4+ Kf7 36. h4 Rxc4 37. Qd5+ Kf6 38. Rd4 R4c5 39. Qb3 R8c6 40. Kh2 Rc3 41. Qa4 Ke6 42. Rd5 R3c5 {1-0 Schneider,L (2425)-Bernhardsson,S Jonkoping op 1987 (2)}) 13... Nc7 {[%emt 0:04:36]} 14. Bxc7 {[%emt 0:05:26]} Qxc7 {[%emt 0:00:08]} 15. Rac1 {[%emt 0:01:44]} Bh6 {[%emt 0:02:01]} 16. f4 {[%emt 0:06:36]} Qd6 {[%emt 0:03:31]} 17. g3 {[%emt 0:02:14]} Rac8 {[%emt 0:01:20]} 18. Rcd1 {[%emt 0:04:06]} a6 {[%emt 0:02:14]} 19. Ne4 {[%emt 0:13:55]} axb5 {[%emt 0:00:40]} 20. Nxd6 {[%emt 0:00:07]} exd6 {[%emt 0:00:07]} 21. Nc3 {[%emt 0:02:49]} Nc4 {[%emt 0:01:42]} 22. Rf2 {[%emt 0:03:14]} Bg7 {[%emt 0:02:00]} 23. a3 {[%emt 0:07:03]} Bxc3 {[%emt 0:00:34]} 24. bxc3 {[%emt 0:00:07]} Nxa3 {[%emt 0:00:16]} 25. Rc1 {[%emt 0:02:55]} b4 {[%emt 0:00:58]} 26. c4 {[%emt 0:00:26]} Rxc4 27. Rxc4 {[%emt 0:03:17]} Nxc4 {[%emt 0:00:07]} 28. Rf3 {[%emt 0:00:06]} Na5 {[%emt 0:00:31]} 0-1

[Event "2024 Jeremy Silman Memorial TNM"]
[Site "San Francisco"]
[Date "2024.07.09"]
[Round "1.4"]
[White "Coyne, Theodore James"]
[Black "Ploquin, Phil"]
[Result "1-0"]
[WhiteElo "2204"]
[BlackElo "1576"]
[Annotator "Winslow,Elliott"]
[PlyCount "57"]
[GameId "2066087780331760"]
[EventDate "2024.??.??"]

1. c4 {[%emt 0:10:57] Of the 685,000 or so games in the Mega 2024 database...} d5 {[%emt 0:00:24] happened 2236 times... (Naka played it!) (in a blitz game of course)} 2. cxd5 {[%emt 0:00:10] scored almost 7-3} Qxd5 {[%emt 0:00:05]} (2... Nf6 $6 3. Nf3 $1 {It's a waiting game!} (3. e4 $6 {could be compared to the Skandinavian (1.e4 d5 2.exd5 Nf6 3.c4): in both cases Black can get good compensation by locking up d4:} c6 $1 4. dxc6 Nxc6 5. Nc3 {is a slight-or-better advantage -- and Kamran Shirazi played it -- in 2023! And won:} e5 6. Bc4 a6 7. Nf3 b5 8. Bb3 Bc5 9. O-O Bg4 10. d3 O-O 11. Be3 Nd4 12. Bxd4 Bxd4 13. h3 Bxf3 14. Qxf3 Qb6 15. g3 a5 16. Rac1 Rad8 17. Nd5 Nxd5 18. Bxd5 Bxb2 19. Rc6 Qb8 20. Rb1 Bd4 21. h4 b4 22. Rbc1 Bc3 23. Ra6 Rd6 24. Rxa5 Rf6 25. Qe2 Qb6 26. Rxc3 bxc3 27. Ra3 Qb4 {0-1 Belkhodja,S (2286)-Shirazi,K (2279) Juvisy sur Orge (Women) 2023 (2)})) 3. Nc3 {[%emt 0:00:09]} Qd8 {[%emt 0:00:07] (700 games) As in the Center Counter (1.e4 d5 2.exd5 Qxe5 3.Nc3 Qd8), this is a hard move to believe in. And results bare this out.} (3... Qa5 {(500 games). Here's a swift speed game by the ever-mercurial Levon Aronian against mere 2650-player Peter Heine Nielsen:} 4. Nf3 e5 5. g3 Nf6 6. Bg2 c6 7. O-O Be7 8. d3 O-O 9. Bd2 Qc7 10. Rc1 Bg4 11. h3 Bh5 12. Nh4 Rd8 13. b4 a6 14. Qb3 Nbd7 15. g4 Bg6 16. a4 Qd6 17. Nxg6 hxg6 18. Ne4 Nxe4 19. Bxe4 Rab8 20. f4 Rf8 21. fxe5 Nxe5 22. Bf4 g5 23. Bh2 Bf6 24. e3 Qe7 25. Rc2 Rbd8 26. Rcf2 {[#]} Qe6 $2 27. Qxe6 fxe6 28. Bxe5 Bxe5 29. Rxf8+ Rxf8 30. Bh7+ {1-0 Aronian,L (2784)-Nielsen,P (2654) Wch Blitz 9th Berlin 2015 (3)}) 4. d4 {[%emt 0:00:18]} Nf6 {[%emt 0:00:40]} 5. e4 {[%emt 0:00:16] Another transpostion: 1.d4 d5 2.c4 Nf6?! (The Marshall Defense -- Frank's line against 1.e4 has fared a lot better!) 3.cxd5 Nxd5 4.e4 Nf6 5.Nc3 (5.e5!)} e6 $6 {[%emt 0:00:09]} ({Half a century ago I learned that Black is fine after} 5... e5 $5 6. Nf3 $5 (6. d5 c6 $1) ({The "reason" this was supposed to be fine for Black was} 6. dxe5 Qxd1+ 7. Kxd1 (7. Nxd1 Nxe4) 7... Ng4 {[%cal Gg4f2,Gf2h1,Gg4e5] and Black recovers the pawn. Except Stockfish and probably every engine now sees that} 8. Nd5 $1 Nxf2+ (8... Kd8 $2 9. Bg5+) (8... Kd7 9. Ke1 Nxe5 (9... Bc5 10. f4 Nf2 11. b4) (9... c6 $5 10. Nc3 Bc5 11. f4 Nf2 12. Na4 Nxe4 13. Nxc5+ Nxc5 14. Be3 $16) 10. f4 $16 {Bunches of space.}) 9. Ke1 Nxh1 10. Nxc7+ Kd8 11. Nxa8 Bb4+ (11... Bc5 12. Bg5+ Ke8 13. Rc1 $18) 12. Ke2 Bg4+ 13. Nf3 $14 Nc6 14. Be3 {and noone (well, no knight) gets out alive.}) 6... exd4 $8 7. Qxd4 Qxd4 8. Nxd4 $14 {more specifically, in the +0.32-0.60 range (everybody's computer has its own version). I'm going to let my own little box run until it pushes PowerFritz 18 off the Top Three, so there.}) 6. Nf3 {[%emt 0:00:20] Now of course White is better. See Steinitz for details.} c5 {[%emt 0:01:11]} 7. d5 {[%emt 0:12:16]} exd5 {[%emt 0:04:00]} 8. e5 {[%emt 0:00:25]} Ne4 {[%emt 0:11:08]} 9. Nxe4 {[%emt 0:07:57]} dxe4 {[%emt 0:00:19]} 10. Qxd8+ {[%emt 0:00:13]} Kxd8 {[%emt 0:00:06]} 11. Ng5 {[%emt 0:00:05]} Be6 {[%emt 0:00:35] [#]} 12. Nxe4 $146 {[%emt 0:03:53]} ({Relevant:} 12. Nxe6+ fxe6 13. Bc4 Nc6 14. Bf4 Nd4 15. O-O-O Kc7 16. Rhe1 Be7 17. Rxe4 b5 18. Bf1 a6 19. Be3 Nc6 20. Kb1 Rad8 21. Rc1 Rd5 22. g3 Rhd8 23. Bh3 Kd7 24. f4 g6 25. Bg4 Nd4 26. Bf2 h5 27. Bh3 Nf5 28. Re2 Ke8 29. Be1 Rd1 30. Bg2 Rxc1+ 31. Kxc1 b4 32. Be4 Kf7 33. h3 a5 34. Rd2 Nd4 35. Rf2 a4 36. Bd2 c4 37. Be3 b3 38. axb3 cxb3 39. Rd2 Rc8+ 40. Kd1 Nb5 41. Ke2 a3 {½-½ Isik,A (2462)-Hamiti,G (2112) EU-ch 23rd Vrnjacka Banja 2023 (1)}) 12... Nc6 {[%emt 0:04:24]} 13. Be3 {[%emt 0:01:19]} b6 {[%emt 0:04:39]} 14. Ng5 $16 {[%emt 0:13:48]} h6 {[%emt 0:11:27]} 15. Nxe6+ {[%emt 0:10:09]} fxe6 {[%emt 0:00:02]} 16. O-O-O+ {[%emt 0:01:36]} (16. Rd1+ $1 $18) 16... Kc7 {[%emt 0:07:24]} 17. Bc4 $6 $14 {[%emt 0:00:45]} (17. f4 g5 18. g3 $16) 17... Be7 $4 {[%emt 0:05:40]} (17... g5 18. Bxe6 Nxe5 19. h4 Be7 $14) 18. Bxe6 $18 {[%emt 0:03:31]} Nxe5 {[%emt 0:12:07] [#]} 19. f4 $1 {[%emt 0:01:42]} Ng6 {[%emt 0:00:35]} (19... Nc6 20. Rd7+ Kb8 21. Bd5) 20. f5 $18 {[%emt 0:20:03]} (20. Rd7+ $1 Kc6 21. Rhd1 $1 {+4.4? !!}) 20... Ne5 {[%emt 0:01:35]} (20... Bd6 $142 21. Rxd6 Kxd6 22. Rd1+ Ke5 23. Bd2 $1) 21. Rd5 {[%emt 0:00:05]} Bd6 {[%emt 0:03:01]} 22. Rxd6 {[%emt 0:00:32]} Kxd6 {[%emt 0:00:33][%cal Ge3f4,Gf4e5,Ge5g7,Gg7h6,Gh6f4]} 23. Bf4 {[%emt 0:00:09]} Rad8 {[%emt 0:04:00]} 24. Re1 {[%emt 0:01:13]} Kc6 {[%emt 0:01:57][%cal Ge5g7,Gg7h6,Gh6f4,Gf4e5]} 25. Bxe5 {[%emt 0:00:17]} Rd3 {[%emt 0:00:58]} 26. Bxg7 {[%emt 0:00:20]} Rhd8 {[%emt 0:00:21]} 27. Bxh6 {[%emt 0:02:45][%cal Gh6f4,Gf4e5]} Rh8 28. Bf4 {[%emt 0:00:53]} Rh4 {[%emt 0:00:21]} 29. Be5 {[%emt 0:00:29]} 1-0

[Event "2024 Jeremy Silman Memorial TNM"]
[Site "San Francisco"]
[Date "2024.07.09"]
[Round "1.6"]
[White "Winslow, Elliott"]
[Black "Chan, John"]
[Result "1-0"]
[WhiteElo "2166"]
[BlackElo "1552"]
[Annotator "Winslow,Elliott"]
[PlyCount "79"]
[GameId "2066087780335858"]
[EventDate "2024.??.??"]

1. d4 {[%emt 0:00:20]} Nf6 {[%emt 0:00:55]} 2. c4 {[%emt 0:01:36]} c6 {[%emt 0:00:49]} 3. Nc3 {[%emt 0:00:52]} d6 {[%emt 0:01:06]} 4. e4 {[%emt 0:02:26]} h6 {[%emt 0:02:16] As usual, John goes his own way; on this occasion the path was overgrown.} ({Relevant:} 4... g6 5. Be2 a6 6. a4 Bg7 7. f4 O-O 8. Nf3 Bg4 9. O-O Nbd7 10. Be3 e5 11. fxe5 dxe5 12. d5 Rc8 13. h3 Bxf3 14. Bxf3 Qa5 15. Rb1 Qb4 16. Qe2 Nb6 17. Rfc1 Nxc4 18. Na2 Qb3 19. Rxc4 Qxa2 20. Rbc1 Rfd8 21. R1c3 b5 22. axb5 axb5 23. Rxc6 Rxc6 24. dxc6 b4 25. Rc1 Rc8 26. Qd2 Qb3 27. Kh2 h5 28. Bg1 Kh7 29. c7 Bh6 30. Qd8 Bxc1 31. Qxc8 Bf4+ 32. Kh1 Qc4 33. Qd8 Qf1 34. c8=Q {1-0 Zhu,J (2507)-Beerdsen,T (2507) Titled Tuesday intern op 23rd May Early Chess.com INT blitz 2023 (9)}) 5. Be2 {[%emt 0:03:28]} Nbd7 {[%emt 0:06:01]} 6. f4 {[%emt 0:01:37]} e6 {[%emt 0:08:26] [#]} 7. e5 $1 $146 {[%emt 0:02:55] +-} ({Predecessor:} 7. Nf3 Be7 8. O-O Nh7 9. Be3 b6 10. Qc2 Bb7 11. e5 a6 12. Bd3 Nhf8 13. Rad1 d5 14. a4 g6 15. Rb1 Bb4 16. Na2 c5 17. Nxb4 cxb4 18. Qe2 Nb8 19. Bd2 Qe7 20. Rfc1 Nfd7 21. cxd5 exd5 22. f5 gxf5 23. Rc7 Ra7 24. Rbc1 Qd8 25. Bxb4 Nc5 26. R7xc5 bxc5 27. Bxc5 Ra8 28. e6 Nc6 29. exf7+ Kxf7 30. Ne5+ Nxe5 31. Qxe5 Bc8 32. Bd6 Re8 33. Qxd5+ Be6 34. Qe5 Rc8 35. Rf1 Qf6 36. Qf4 Qg5 {1-0 Stimpel,F (2217)-Roth,R (1756) Hessen-ch Seniors Bruchkoebel 2002 (1)}) 7... Nh7 {[%emt 0:01:52]} ({Stockfish prefers} 7... Ng8 {[%cal Gg8e7,Ge7f5] At least there's a future (-e7-f5).}) 8. Nf3 {[%emt 0:01:14]} d5 {[%emt 0:01:26]} 9. O-O {[%emt 0:01:08]} Be7 {[%emt 0:00:31]} 10. Qc2 {[%emt 0:02:44] [#]} g6 {[%emt 0:12:08] This would be really bad if it weren't already.} 11. Bd3 {[%emt 0:02:05]} (11. cxd5 $1 cxd5 12. Nb5 O-O 13. Nc7 Rb8 {[#]} 14. Nxe6 $1 fxe6 15. Qxg6+ Kh8 16. Bd3 $1 Rf5 17. g4 $1 Ndf8 18. Qxh6 Rf7 $5 {No, White is about to overrun...}) 11... Ndf8 {[%emt 0:01:30]} 12. Be3 $6 {[%emt 0:06:19]} Bd7 {[%emt 0:04:49]} (12... dxc4 {has been in the air for quite a few moves, but if he's not going to play it...}) 13. c5 {[%emt 0:00:59] I couldn't stand it any longer.} b5 {[%emt 0:01:31]} 14. g4 {[%emt 0:03:43]} (14. b4 $1 a5 15. a4 $1) 14... a5 {[%emt 0:07:51]} 15. Kh1 {[%emt 0:03:25]} Qc7 {[%emt 0:04:36]} 16. Rfc1 {[%emt 0:09:20] I could have -- and should have! -- played the sacrifice even now...} Rb8 {[%emt 0:07:11]} 17. Qe2 {[%emt 0:04:25]} Kd8 $6 {[%emt 0:00:54] [#]} 18. a4 $1 {[%emt 0:02:32]} b4 {[%emt 0:00:29]} (18... bxa4 {obviously is no better -- but Stockfish makes it no worse either! They're neck and neck at +3.80 or so.}) 19. Nb5 $1 {[%emt 0:00:32] Not necessary but pretty darn good.} Qb7 $6 {[%emt 0:07:02]} (19... cxb5 20. axb5 {is slightly less crushing.}) 20. Nd6 $1 {[%emt 0:00:19]} Bxd6 {[%emt 0:00:14]} 21. cxd6 {[%emt 0:01:04] [#] This position for nothing? Totally won. Just takes a bit of patience and timing.} Qb6 {[%emt 0:03:36]} 22. Nd2 {[%emt 0:04:29]} (22. Rc5 $1) 22... Bc8 {[%emt 0:00:57]} 23. Nb3 {[%emt 0:00:20]} Nd7 {[%emt 0:00:42]} 24. Rc2 {[%emt 0:02:43]} Bb7 {[%emt 0:00:34]} 25. h3 {[%emt 0:03:34]} Nhf8 {[%emt 0:01:42]} 26. f5 $1 {[%emt 0:03:03] [#] After all, the bishop abandoned its original control of f5...} g5 {[%emt 0:01:43]} 27. Kh2 {[%emt 0:01:02]} Ra8 {[%emt 0:02:07]} 28. Rac1 {[%emt 0:01:09]} Nb8 {[%emt 0:00:41] The evaluation gets worse around now.} 29. Nc5 {[%emt 0:01:06] 26.Q to the f-file followed by 27.fxe6 fxe6 28.Qf7 is best.} Nbd7 {[%emt 0:01:01] But if he's going to (finally) crack, then I don't have to find it.} 30. Nxb7+ {[%emt 0:00:29]} Qxb7 {[%emt 0:00:29]} 31. Rxc6 {[%emt 0:00:12]} Nb6 {[%emt 0:02:48]} 32. Rc7 {[%emt 0:00:13]} Qb8 {[%emt 0:00:38] Stockfish is preferring giving up the queen...} 33. b3 $6 {[%emt 0:00:27] How careful can I be? It was mate in 12 (thanks a LOT, computer):} (33. Qf2 $1 {#11}) (33. Qf1 $1 {#11}) ({Oddly} 33. Qf3 {takes a little longer, but after some comp time it's catching up (#13).}) 33... Nfd7 {[%emt 0:00:50]} 34. h4 {[%emt 0:02:04]} Rg8 {[%emt 0:05:17]} 35. hxg5 {[%emt 0:04:19]} hxg5 {[%emt 0:00:15]} 36. Kg3 {[%emt 0:02:11]} Ra7 {[%emt 0:02:54]} 37. Qc2 {[%emt 0:02:36]} Qa8 {[%emt 0:00:56]} 38. Bb5 {[%emt 0:00:33]} exf5 {[%emt 0:09:08]} 39. Qxf5 {[%emt 0:01:41]} Rxc7 {[%emt 0:00:39]} 40. Rxc7 {[%emt 0:00:12]} 1-0

[Event "2024 Jeremy Silman Memorial TNM"]
[Site "San Francisco"]
[Date "2024.07.09"]
[Round "1.8"]
[White "Lin, Michael"]
[Black "Barreyro, Romeo Belmes"]
[Result "1-0"]
[WhiteElo "2149"]
[BlackElo "1521"]
[PlyCount "93"]
[GameId "2066031725062593"]
[EventDate "2024.??.??"]

1. b4 e5 2. Bb2 d6 3. g3 Nf6 ({Relevant:} 3... g6 4. d4 Bg7 5. dxe5 Nc6 6. Bg2 Nxe5 7. Qc1 Nf6 8. Nf3 Nc4 9. Bc3 O-O 10. Nbd2 Nxd2 11. Nxd2 Re8 12. Qb2 d5 13. e3 c6 14. O-O Nh5 15. b5 Bxc3 16. Qxc3 cxb5 17. Qc5 a6 18. a4 bxa4 19. Rxa4 Nf6 20. Rb1 Bd7 21. Rf4 Bc6 22. Nb3 Ne4 23. Qd4 Qe7 24. Qa1 Bb5 25. Nd4 Bc4 26. h4 b5 27. h5 Qe5 28. hxg6 hxg6 29. Bxe4 dxe4 30. Kg2 a5 31. Rh1 Kg7 32. Rfh4 a4 33. Rh7+ {1-0 Andreikin,D (2725)-Eljanov,P (2672) Titled Tuesday intern op 09th Mar Chess.com INT blitz 2021 (8)}) 4. Bg2 Be7 5. d3 {[#]} h5 $146 ({Predecessor:} 5... O-O 6. Nf3 a5 7. b5 a4 8. O-O Nbd7 9. e4 Nc5 10. Nc3 Bg4 11. h3 Bh5 12. Rb1 c6 13. Ba3 Ne6 14. Qd2 h6 15. bxc6 bxc6 16. Rb7 Nh7 17. Nxe5 Bg5 18. f4 dxe5 19. fxg5 Qd4+ 20. Kh2 Rfb8 21. Rxb8+ Rxb8 22. gxh6 g5 23. Bf3 g4 24. Ne2 Qd8 25. Bxg4 Bxg4 26. hxg4 Nhg5 27. Qc3 f6 28. Qxc6 Kf7 29. Kg2 Kg6 30. Qxa4 Rb7 31. Nc3 Qc8 32. Nd5 Nf4+ 33. Nxf4+ exf4 34. Rxf4 Rc7 35. c4 {1-0 Martinez Ramirez,L (2415)-Lin,Y (2380) Benalmadena Rapid op 1st 2023 (7)}) 6. Nf3 Nbd7 7. Nbd2 c6 8. c4 Qb6 9. Bc3 Ng4 10. e3 f5 11. h3 Ngf6 12. c5 Qc7 13. cxd6 Bxd6 14. a3 Nb6 15. O-O Nbd5 16. Bb2 Bd7 17. Nc4 Be6 18. Nxd6+ Qxd6 19. Bxe5 Qd7 20. Qc2 f4 21. exf4 Bxh3 22. Rfe1 O-O 23. Ng5 Bxg2 24. Kxg2 Qf5 25. Rh1 g6 26. Nf3 Ng4 27. Rae1 Rae8 28. Nh4 Qf7 29. d4 Re6 30. Nf3 Qf5 31. Qb3 Rfe8 32. Ng5 R6e7 33. Ne4 Nxe5 34. dxe5 Kg7 35. Nd6 Qe6 36. Nxe8+ Rxe8 37. Qf3 Rf8 38. Rc1 a6 39. Rc5 Rd8 40. Qe4 Rf8 41. Qf3 Rf7 42. Rd1 Rd7 43. a4 Rf7 44. b5 axb5 45. axb5 Rc7 46. Rdxd5 Qe7 47. bxc6 1-0